|
|
|
|
| LEADER |
00000nam a2200000 4500 |
| 001 |
vtls012000388 |
| 003 |
SK-MaSNL |
| 005 |
20260301103709.0 |
| 008 |
251112s1684 gw f 000 0 lat |
| 015 |
|
|
|a SNBHFA1684
|
| 040 |
|
|
|a SNKHF
|b slo
|c SNKHF
|e rda
|
| 041 |
0 |
|
|a lat
|
| 044 |
|
|
|a gw
|c DE
|
| 072 |
|
7 |
|a 2-1
|x Prirodzená teológia. Náboženská filozofia
|2 konspekt
|
| 072 |
|
7 |
|a 2-23/-27
|x Biblia. Biblistika
|2 konspekt
|
| 080 |
|
|
|a 2-1
|2 2011
|
| 080 |
|
|
|a 82-141
|2 2011
|
| 080 |
|
|
|a 2-27
|2 2011
|
| 100 |
1 |
|
|a Hieronymus, Sophronius Eusebius,
|d asi 347-420
|4 aut
|9 128251
|
| 245 |
1 |
0 |
|a Operum D. Hieronymi Commentarios In Prophetas Quos Maiores Vocant, Continet. Auctoritate Et Sumptibus Serenessimi Principis Ac Domini, Domini Friderici, Ducis Saxoniae, Juliae, Cliaviae Ac Montium
|n Nonus Tomus
|
| 264 |
|
3 |
|a Francofvrti Ad Moenvm Et Lipsiae
|b Apud Christianum Genschium. Charactere Joannis Andreae
|c 1684
|
| 300 |
|
|
|a 339 strán
|c 2°
|
| 336 |
|
|
|a text
|b txt
|2 rdacontent
|
| 337 |
|
|
|a bez média
|b n
|2 rdamedia
|
| 338 |
|
|
|a zväzok
|b nc
|2 rdacarrier
|
| 500 |
|
|
|a Vinety, ozdobné iniciálky na 2, 7 - 9 riadkov, kustody
|
| 501 |
|
|
|a Príväzok 1.: HIERONYMUS, Sophronius Eusebius. Operum D. Hieronymi. Decimus Tomus. Francofvrti Ad Moenvm Et Lipsiae: Apud Christianum Genschium, 1684, 2°.
|5 SNK IA 1208/9-12/index/prív.1
|
| 501 |
|
|
|a Príväzok 3.: HIERONYMUS, Sophronius Eusebius. Operum D. Hieronymi. Tomus Ultimus. Francofvrti Ad Moenvm Et Lipsiae: Apud Christianum Genschium, 1684, 2°.
|5 SNK IA 1208/5-8/prív.3
|
| 501 |
|
|
|a Príväzok 2.: HIERONYMUS, Sophronius Eusebius. Operum D. Hieronymi. Undecimus Tomus. Francofvrti Ad Moenvm Et Lipsiae: Apud Christianum Genschium, 1684, 2°.
|5 SNK IA 1208/9-12/index/prív.2
|
| 501 |
|
|
|a Príväzok 4.: HIERONYMUS, Sophronius Eusebius. Operum D. Hieronymi. Index Primus. Francofvrti Ad Moenvm Et Lipsiae: Apud Christianum Genschium, 1684, 2°.
|5 SNK IA 1208/9-12/index/prív.4
|
| 501 |
|
|
|a Príväzok 6.: HIERONYMUS, Sophronius Eusebius. Operum D. Hieronymi. Index Tertius. Francofvrti Ad Moenvm Et Lipsiae: Apud Christianum Genschium, 1684, 2°.
|5 SNK IA 1208/9-12/index/prív.6
|
| 501 |
|
|
|a Príväzok 7.: HIERONYMUS, Sophronius Eusebius. Operum D. Hieronymi. Index Quartus. Francofvrti Ad Moenvm Et Lipsiae: Apud Christianum Genschium, 1684, 2°.
|5 SNK IA 1208/9-12/index/prív.7
|
| 501 |
|
|
|a Príväzok 5.: HIERONYMUS, Sophronius Eusebius. Operum D. Hieronymi. Index Secundus. Francofvrti Ad Moenvm Et Lipsiae: Apud Christianum Genschium, 1684, 2°.
|5 SNK IA 1208/9-12/index/prív.5
|
| 504 |
|
|
|a Marginálie
|
| 510 |
4 |
|
|a VD17 3:302439G
|
| 546 |
|
|
|a Latinčina
|b Kurzíva
|
| 561 |
|
|
|a Z knižnice Učenej spoločnosti malohontskej.
|5 SNK IA 1208/9-12/index
|
| 563 |
|
|
|a Väzba: svetložltá koža.
|5 SNK IA 1208/9-12/index
|
| 650 |
0 |
7 |
|a teológia
|2 SNKPH
|9 1814
|
| 650 |
0 |
7 |
|a žalmy
|2 SNKPH
|9 1744
|
| 650 |
0 |
7 |
|a biblistika
|2 SNKPH
|9 1798
|
| 700 |
1 |
|
|a Gensch, Christian
|4 prt
|9 365633
|
| 700 |
1 |
|
|a Andreas, Johann
|4 prt
|9 441325
|
| 700 |
1 |
|
|a Amerbach, Bruno,
|d 1484-1519
|4 oth
|9 72393
|
| 700 |
0 |
|
|a Erazmus Rotterdamský,
|d asi 1466-1536
|4 oth
|9 21683
|
| 710 |
2 |
|
|a Učená spoločnosť malohontská
|4 fmo
|9 205374
|
| 752 |
|
|
|a Nemecko
|d Lipsko
|
| 752 |
|
|
|a Nemecko
|d Frankfurt nad Mohanom
|
| 852 |
|
|
|a snk
|b Historické fondy
|p IA 1208/9-12/index
|
| 958 |
|
|
|a DC
|
| 958 |
|
|
|a ONDV
|
| 999 |
|
|
|c 695966
|d 697896
|
| 952 |
|
|
|t MHA 60
|a SNK
|b SNK
|c SNK_HF
|y PREZ
|7 0
|p 17A1358408
|o snkIA 1208/9-12/index
|i snk2020/20000
|8 5
|0 0
|1 0
|4 0
|d 2020-10-28
|l 0
|r 2026-02-23 20:41:31
|w 2026-02-23
|